Xã hội hoá điện ảnh là một chủ trương lớn

Spremljeno u:
Bibliografski detalji
Format: Članak
Jezik:Vietnamese
Teme:
Oznake: Dodaj oznaku
Bez oznaka, Budi prvi tko označuje ovaj zapis!
Thư viện lưu trữ: Thư viện Trường Đại học Đà Lạt
LEADER 00735nam a2200265 4500
001 DLU090079909
005 ##20090619
040 # # |a DLU  |b vie 
041 # # |a vie 
044 # # |a vn 
245 # # |a Xã hội hoá điện ảnh là một chủ trương lớn  
653 # # |a Điện ảnh 
653 # # |a Chính sách nhà nước 
653 # # |a Phỏng vấn 
653 # # |a Xã hội hoá 
773 # # |t Văn hoá Nghệ thuật  |g Số 4(166), 1998, tr. 3 
920 # # |a Phòng Tạp chí -- Trung tâm Thông tin - Thư viện Trường Đại học Đà Lạt 
994 # # |a DLU 
900 # # |a True 
911 # # |a Đào Thị Thu Huyền 
925 # # |a G 
926 # # |a A 
927 # # |a BB 
980 # # |a Thư viện Trường Đại học Đà Lạt